| 000 | 00658cam a22001814a 4500 | ||
|---|---|---|---|
| 020 | _a9789050958806 (pbk.) | ||
| 020 | _a905095880X (pbk.) | ||
| 040 | _cBTCTA | ||
| 082 | _a332 DIS 2009 A073 Or. | ||
| 245 | 0 | 0 | _a60 years of the Universal Declaration of Human Rights in Europe / |
| 246 | 3 | _aSixty years of the Universal Declaration of Human Rights in Europe | |
| 260 |
_aAntwerp : _bIntersentia Publishers ; _aPortland, OR : _bDistribution for the USA and Canada: International Specialized Book Services, _cc2009. |
||
| 300 |
_axvii, 471 p. ; _c24 cm. |
||
| 650 | 0 | _aHuman rights | |
| 700 | 1 | _aJaichand, Vinodh. | |
| 700 | 1 | _aSuksi, Markku, | |
| 942 | _cEK | ||
| 999 |
_c15108 _d15108 |
||